| 000 | 00413 a2200133 4500 | ||
|---|---|---|---|
| 001 | 89232 | ||
| 082 | _a956.70441 SAS | ||
| 090 |
_c42182 _d42182 |
||
| 100 | _aSasson, Jean | ||
| 245 |
_aLove in a torn land; one womans daring escape from saddam's poison gas attacks on the Kurdish people of Iraq _cJean Sasson |
||
| 260 |
_aLondon _bBantam Press _c2007 |
||
| 300 | _a421 p. | ||
| 740 | _aKurdish people- Iraq | ||
| 942 |
_aCAE NUST _k956.70441 SAS |
||
| 999 |
_c324305 _d324305 |
||